De la bêtise à la connerie... (notice n° 1667229)

détails MARC
000 -LEADER
fixed length control field 00799cam a2200217 4500500
005 - DATE AND TIME OF LATEST TRANSACTION
control field 20260222003223.0
041 ## - LANGUAGE CODE
Language code of text/sound track or separate title fre
042 ## - AUTHENTICATION CODE
Authentication code dc
100 10 - MAIN ENTRY--PERSONAL NAME
Personal name Beaumatin, Ania
Relator term author
245 00 - TITLE STATEMENT
Title De la bêtise à la connerie...
260 ## - PUBLICATION, DISTRIBUTION, ETC.
Date of publication, distribution, etc. 2008.<br/>
500 ## - GENERAL NOTE
General note 34
520 ## - SUMMARY, ETC.
Summary, etc. RésuméCe billet publié dans l’hebdomadaire du laboratoire Personnalisation et changements sociaux évoque, brièvement et avec humour, le travail de R. Zazzo à propos de l’intelligence et la mise en question de ce concept.
690 ## - LOCAL SUBJECT ADDED ENTRY--TOPICAL TERM (OCLC, RLIN)
Topical term or geographic name as entry element bêtise
690 ## - LOCAL SUBJECT ADDED ENTRY--TOPICAL TERM (OCLC, RLIN)
Topical term or geographic name as entry element connerie
690 ## - LOCAL SUBJECT ADDED ENTRY--TOPICAL TERM (OCLC, RLIN)
Topical term or geographic name as entry element humour
690 ## - LOCAL SUBJECT ADDED ENTRY--TOPICAL TERM (OCLC, RLIN)
Topical term or geographic name as entry element intelligence
690 ## - LOCAL SUBJECT ADDED ENTRY--TOPICAL TERM (OCLC, RLIN)
Topical term or geographic name as entry element Zazzo
786 0# - DATA SOURCE ENTRY
Note Empan | 69 | 1 | 2008-05-19 | p. 163-165 | 1152-3336
856 41 - ELECTRONIC LOCATION AND ACCESS
Uniform Resource Identifier <a href="https://shs.cairn.info/revue-empan-2008-1-page-163?lang=fr&redirect-ssocas=7080">https://shs.cairn.info/revue-empan-2008-1-page-163?lang=fr&redirect-ssocas=7080</a>

Pas d'exemplaire disponible.

PLUDOC

PLUDOC est la plateforme unique et centralisée de gestion des bibliothèques physiques et numériques de Guinée administré par le CEDUST. Elle est la plus grande base de données de ressources documentaires pour les Étudiants, Enseignants chercheurs et Chercheurs de Guinée.

Adresse

627 919 101/664 919 101

25 boulevard du commerce
Kaloum, Conakry, Guinée

Réseaux sociaux

Powered by Netsen Group @ 2025